000
00270nam a2200121 a 4500
008
100917s1988|||| d
245
1
0
_a
Noční let
100
1
_a
de Saint-Exupéry, Antoine
260
_b
Smena
_a
Praha
_c
1988
020
_c
25
044
_a
CZ
041
_a
cze
999
_c
9825
_d
9825